|
|
แสดงรายละเอียดบรรณานุกรม |
|
|
Brief Record
: Get Marc (ISO 2709)
: E-mail record
: |
| LEADER 00000nama 2200000uu 4500 | |||
| 008 040531s|||| th m m a000 0 tha d | |||
| 020 974-465-587-9 | |||
| 041 tha | |||
| 050 วจ WY20 อ498ค | |||
| 100 อัจฉรา มีนาสันติรักษ์ | |||
| 245 ความคิดเห็นต่อการจัดการเรียนการสอนที่เน้นผู้เรียนเป็นศูนย์ กลางของนักศึกษาพยาบาลวิทยาลัยพยาบาลศรีมหาสารคาม | |||
| 246 PBL | |||
| 260 2546 วิทยาลัยพยาบาลศรีมหาสารคาม มหาสารคาม | |||
| 300 64 หน้า | |||
| 650 การเรียนการสอน - เน้นผู้เรียนเป็นศูนย์กลาง | |||
| คุณยังไม่ได้ล็อกอิน คุณสามารถมีกิจกรรมร่วมกับเว็บไซต์ได้ แต่ต้องล็อกอินก่อน :: |
|
| สถานะ | |||||||||
| 1. | หนังสือทั่วไป | วจ WY20 อ498ค | On Shelf ขอยืม | ||||||
| [แสดง 1/1 รายการ] | |||||||||
BibComment |
| คอมเมนท์ทรัพยากรรายการนี้ |
|
|